000 00733nam a2200265Ia 4500
005 20260302114145.0
008 008 260114s9999 xx 000 0 eng d
020 _a9781350225268
037 _aTextbook
040 _aCRL
040 _beng
040 _cCRL
041 _2eng
041 _aeng
084 _qCRL
100 _aPaul Kirkland and Michael J. McNeal
_91117925
245 0 _aJoy and Laughter in Nietzsche’s Philosophy Alternative Liberatory Politics
260 _bBloomsbury
260 _bBloomsbury Academic
260 _c2022
650 _aPhilosophy
856 _uhttps://doi.org/10.5040/9781350225268?locatt=label:secondary_bloomsburyCollections
942 _cEBOOK
999 _c1681542
_d1681542